00557nam a2200157 a 450000500170000000800410001702000180005805000220007624500510009826000270014930000090017665000480018565000290023399900190026295201180028120140412111416.0070926s19uu xx 00 eng d a0-7214-3199-2 aM 372.7bF95 1990 aFun with maths /cCompiled by John Drinkwater. aU.K :bLadybird books. a24p. aScientific recreationsxJuvenile literature aMathematical recreations c105856d105856 001040aELbELcMd2007-09-26eDonationg63.00l0oM 372.7 F95 1990pE10813r2014-04-12 00:00:00w2014-04-12yBK